000 00707nam a22002057a 4500
008 100513t xxu||||| |||| 00| 0 eng d
010 _aENG-96074
020 _a978120736368
_c200.00
020 _a978120736368
_c200.00
035 _aEN-79607
037 _bDBAD/pub
040 _aDPL
100 _aMittal, Rakesh K.
245 _aThe power of positive words /
_bby Rakesh K. Mittal
260 _aNew delhi
_bSterling paperbacks
_c2009
270 _aA-59,okhla Industrial Area, phasa-11,
_bNew delhi
_e110020.
300 _aviii, 227p. ;
_c22 cm.(pbk)
942 _2ddc
_cEN
_mMIT
999 _c36011
_d36011